000 00430nam a2200157Ia 4500
005 20250508154455.0
008 008 250505s9999 xx 000 0 eng d
037 _aBooks to be hide in OPAC
040 _aFEDL
_beng
_cFEDL
041 _aeng
_2eng
084 _a371.2, SIN/O
_qFEDL
245 0 _aStudents manual of school organisation
300 _a310p.
942 _cHB
_h371.2, SIN/O
999 _c1350470
_d1350470